Nationalism and self-determination : (Record no. 5868)
[ view plain ]
| 000 -LEADER | |
|---|---|
| fixed length control field | 00463nam a22001457a 4500 |
| 005 - DATE AND TIME OF LATEST TRANSACTION | |
| control field | 20240401025057.0 |
| 008 - FIXED-LENGTH DATA ELEMENTS--GENERAL INFORMATION | |
| fixed length control field | 240401b |||||||| |||| 00| 0 eng d |
| 082 ## - DDC Classification | |
| DDC Edition Number | 22 |
| Class No. | 320.54 |
| Item Number - Author Mark | NAT. |
| 100 ## - MAIN ENTRY--PERSONAL NAME | |
| Personal name | Ignatieff, Michael. |
| 245 ## - TITLE STATEMENT | |
| Title | Nationalism and self-determination : |
| Remainder of title | Is there an alternative to violence? / |
| Statement of responsibility, etc. | Michael ignatieff. |
| 260 ## - PUBLICATION, DISTRIBUTION, ETC. | |
| Place of publication, distribution, etc. | Sri Lanka : |
| Name of publisher, distributor, etc. | International center for ethnic studies / |
| Date of publication, distribution, etc. | 2000. |
| 300 ## - PHYSICAL DESCRIPTION | |
| Extent (e.g. Volumes, Pages etc.) | 16 p., |
| 650 ## - SUBJECT ADDED ENTRY--TOPICAL TERM | |
| Topical term or geographic name entry element | Political. |
| 942 ## - Koha item type (Biblio) | |
| Koha item type | Books in Stacks (Lending) |
No items available.
